000 00294nam a2200121Ia 4500
008 220120s9999||||xx |||||||||||||| ||und||
082 _a823 WES
100 _aWestall, Robert
_911924
245 4 _aThe kingdom by the sea
260 _aMammoth
_bBangalooru
_c2001
300 _b0
650 _aCIVIL
999 _c137463
_d137463